000 00907nas a2200301 4500
001 BR0201184
003 BR-BrBNA
005 20231205102750.0
007 ta
008 230509b bl.|||p| |||| 00| 00por d
040 _aBR-BrBNA
_bpor
_cBiblioteca Nacional de Agricultura
041 _a(Pt)
072 _aF01
100 1 _aBotrel, M. de A.
100 1 _aFerreira, R. de P.
100 1 _aAlvim, M.J.
100 1 _aXavier, D.F.
245 1 _aCultivares de alfafa em área de influência da Mata Atlântica no Estado de Minas Gerais
650 _aALFAFA CRIOULA
650 _aRHIZOBIUM
650 _aPROTEÍNA BRUTA
650 _aVALOR NUTRITIVO
650 _aRENDIMENTO
650 _aMINAS GERAIS
773 0 _tPesquisa Agropecuária Brasileira (Brazil)
_xISSN 0100-204X
_g(Nov 2001), v. 36(11) p. 1437-1442
_wBR0201184
909 _a202311
_bLúcia
_c55
_dLúcia Elande
942 _2AGRIS
_n0
_cANA
999 _c169223
_d169223